000 00941nam a2200289Ia 4500
003 OSt
005 20221005033331.0
006 a|||||r|||| 00| 0
007 ta
008 221004b |||||||| |||| 00| 0 eng d
020 _a9789386223234 (hbk)
_cINR 2500.00
024 _a34947
037 _bBBS/01, 23/08/2017, Better Book Service
_cTextual
040 _aCRL
_cCRL
_beng
041 _2eng
_aeng
082 _aND447185,C, Q7
100 _aSharma A.K. Au.
_9412469
245 0 _aSculptural art of Sirpur
260 _aDelhi
_bB.R. Publishing India
_c2017
300 _axvi,236p.
_ccm.
650 _a SIRPUR SCULPTURE
_9586020
650 _aARTS
700 _a Singh Prabhat Kumar Au.
_9586021
700 _a Tirkey Praveen Au.
_9586022
942 _hND447185,C, Q7
_cTEXL
_2cc
999 _c941375
_d941375